<?xml version="1.0" encoding="UTF-8"?>
<record
    xmlns:xsi="http://www.w3.org/2001/XMLSchema-instance"
    xsi:schemaLocation="http://www.loc.gov/MARC21/slim http://www.loc.gov/standards/marcxml/schema/MARC21slim.xsd"
    xmlns="http://www.loc.gov/MARC21/slim">

  <leader>00662nam a2200205Ia 4500</leader>
  <controlfield tag="005">20250217161542.0</controlfield>
  <controlfield tag="008">210716s2012    xx            000 0 und d</controlfield>
  <datafield tag="020" ind1=" " ind2=" ">
    <subfield code="a">9780198069867</subfield>
  </datafield>
  <datafield tag="040" ind1=" " ind2=" ">
    <subfield code="c">AIMIT LIBRARY</subfield>
  </datafield>
  <datafield tag="041" ind1=" " ind2=" ">
    <subfield code="a">eng</subfield>
  </datafield>
  <datafield tag="082" ind1=" " ind2=" ">
    <subfield code="a">658.827 </subfield>
    <subfield code="2">1</subfield>
    <subfield code="b">DUTK</subfield>
  </datafield>
  <datafield tag="100" ind1=" " ind2=" ">
    <subfield code="a">Dutta, Kirti.</subfield>
    <subfield code="9">37161</subfield>
  </datafield>
  <datafield tag="245" ind1=" " ind2=" ">
    <subfield code="a">Brand management :</subfield>
    <subfield code="b">principles and practices /</subfield>
    <subfield code="c">By Kirti Dutta.</subfield>
  </datafield>
  <datafield tag="250" ind1=" " ind2=" ">
    <subfield code="a">1st ed.</subfield>
  </datafield>
  <datafield tag="260" ind1=" " ind2=" ">
    <subfield code="a">New Delhi :</subfield>
    <subfield code="b">Oxford University Press ,</subfield>
    <subfield code="c">2012 .</subfield>
  </datafield>
  <datafield tag="300" ind1=" " ind2=" ">
    <subfield code="a">xxiii, 455p. ;</subfield>
    <subfield code="c">24 cm.</subfield>
  </datafield>
  <datafield tag="650" ind1=" " ind2=" ">
    <subfield code="a">Understanding consumers and markets</subfield>
    <subfield code="9">37162</subfield>
  </datafield>
  <datafield tag="650" ind1=" " ind2=" ">
    <subfield code="a">Understanding and measuring brand equity</subfield>
    <subfield code="9">37163</subfield>
  </datafield>
  <datafield tag="942" ind1=" " ind2=" ">
    <subfield code="2">ddc</subfield>
    <subfield code="c">BK</subfield>
    <subfield code="e">1st</subfield>
    <subfield code="k">658.827 DUTK</subfield>
  </datafield>
  <datafield tag="999" ind1=" " ind2=" ">
    <subfield code="c">207428</subfield>
    <subfield code="d">207428</subfield>
  </datafield>
  <datafield tag="952" ind1=" " ind2=" ">
    <subfield code="0">0</subfield>
    <subfield code="1">0</subfield>
    <subfield code="2">ddc</subfield>
    <subfield code="4">0</subfield>
    <subfield code="7">0</subfield>
    <subfield code="8">MBA</subfield>
    <subfield code="a">AIMIT</subfield>
    <subfield code="b">AIMIT</subfield>
    <subfield code="d">2012-09-25</subfield>
    <subfield code="g">465.00</subfield>
    <subfield code="i">Bill no:717; Bill dt:2012-09-21</subfield>
    <subfield code="l">0</subfield>
    <subfield code="o">658.827 DUTK</subfield>
    <subfield code="p">MBA09994</subfield>
    <subfield code="r">2025-07-21 00:00:00</subfield>
    <subfield code="v">348.75</subfield>
    <subfield code="w">2021-07-16</subfield>
    <subfield code="y">BK</subfield>
  </datafield>
  <datafield tag="952" ind1=" " ind2=" ">
    <subfield code="0">0</subfield>
    <subfield code="1">0</subfield>
    <subfield code="2">ddc</subfield>
    <subfield code="4">0</subfield>
    <subfield code="7">0</subfield>
    <subfield code="8">MBA</subfield>
    <subfield code="a">AIMIT</subfield>
    <subfield code="b">AIMIT</subfield>
    <subfield code="d">2013-11-08</subfield>
    <subfield code="g">465.00</subfield>
    <subfield code="i">Bill no:249; Bill dt:2013-11-06</subfield>
    <subfield code="l">0</subfield>
    <subfield code="o">658.827 DUTK</subfield>
    <subfield code="p">MBA10811</subfield>
    <subfield code="r">2025-07-21 00:00:00</subfield>
    <subfield code="v">348.75</subfield>
    <subfield code="w">2021-07-16</subfield>
    <subfield code="y">BK</subfield>
  </datafield>
  <datafield tag="952" ind1=" " ind2=" ">
    <subfield code="0">0</subfield>
    <subfield code="1">0</subfield>
    <subfield code="2">ddc</subfield>
    <subfield code="4">0</subfield>
    <subfield code="7">0</subfield>
    <subfield code="8">MBA</subfield>
    <subfield code="a">AIMIT</subfield>
    <subfield code="b">AIMIT</subfield>
    <subfield code="d">2013-11-08</subfield>
    <subfield code="g">465.00</subfield>
    <subfield code="i">Bill no:249; Bill dt:2013-11-06</subfield>
    <subfield code="l">0</subfield>
    <subfield code="o">658.827 DUTK</subfield>
    <subfield code="p">MBA10812</subfield>
    <subfield code="r">2025-07-21 00:00:00</subfield>
    <subfield code="v">348.75</subfield>
    <subfield code="w">2021-07-16</subfield>
    <subfield code="y">BK</subfield>
  </datafield>
  <datafield tag="952" ind1=" " ind2=" ">
    <subfield code="0">0</subfield>
    <subfield code="1">0</subfield>
    <subfield code="2">ddc</subfield>
    <subfield code="4">0</subfield>
    <subfield code="7">0</subfield>
    <subfield code="8">MBA</subfield>
    <subfield code="a">AIMIT</subfield>
    <subfield code="b">AIMIT</subfield>
    <subfield code="d">2013-11-08</subfield>
    <subfield code="g">465.00</subfield>
    <subfield code="i">Bill no:249; Bill dt:2013-11-06</subfield>
    <subfield code="l">0</subfield>
    <subfield code="o">658.827 DUTK</subfield>
    <subfield code="p">MBA10813</subfield>
    <subfield code="r">2025-07-21 00:00:00</subfield>
    <subfield code="v">348.75</subfield>
    <subfield code="w">2021-07-16</subfield>
    <subfield code="y">BK</subfield>
  </datafield>
  <datafield tag="952" ind1=" " ind2=" ">
    <subfield code="0">0</subfield>
    <subfield code="1">0</subfield>
    <subfield code="2">ddc</subfield>
    <subfield code="4">0</subfield>
    <subfield code="7">0</subfield>
    <subfield code="8">MBA</subfield>
    <subfield code="a">AIMIT</subfield>
    <subfield code="b">AIMIT</subfield>
    <subfield code="d">2013-11-08</subfield>
    <subfield code="g">465.00</subfield>
    <subfield code="i">Bill no:249; Bill dt:2013-11-06</subfield>
    <subfield code="l">0</subfield>
    <subfield code="o">658.827 DUTK</subfield>
    <subfield code="p">MBA10814</subfield>
    <subfield code="r">2025-07-21 00:00:00</subfield>
    <subfield code="v">348.75</subfield>
    <subfield code="w">2021-07-16</subfield>
    <subfield code="y">BK</subfield>
  </datafield>
  <datafield tag="952" ind1=" " ind2=" ">
    <subfield code="0">0</subfield>
    <subfield code="1">0</subfield>
    <subfield code="2">ddc</subfield>
    <subfield code="4">0</subfield>
    <subfield code="7">0</subfield>
    <subfield code="8">MBA</subfield>
    <subfield code="a">AIMIT</subfield>
    <subfield code="b">AIMIT</subfield>
    <subfield code="d">2013-11-08</subfield>
    <subfield code="g">465.00</subfield>
    <subfield code="i">Bill no:249; Bill dt:2013-11-06</subfield>
    <subfield code="l">0</subfield>
    <subfield code="o">658.827 DUTK</subfield>
    <subfield code="p">MBA10815</subfield>
    <subfield code="r">2025-07-21 00:00:00</subfield>
    <subfield code="v">348.75</subfield>
    <subfield code="w">2021-07-16</subfield>
    <subfield code="y">BK</subfield>
  </datafield>
</record>
